Musical Acts by Letter - I - Statistics

General Stats
  • This quiz has been taken 14,255 times
  • The average score is 3 of 8
Answer Stats
Years Active Country Songs Band or Artist % Correct
2012 - Radioactive | Demons Imagine Dragons
86%
2013 - Fancy | Pretty Girls Iggy Azalea
61%
1980 - The Number of the Beast | Run for the Hills Iron Maiden
43%
1990 - It Was a Good Day | Check Yo Self Ice Cube
42%
1980 - Need You Tonight | Never Tear Us Apart INXS
42%
1977 - Lust for Life | Real Wild Child (Wild One) Iggy Pop
37%
1967 - In-A-Gadda-Da-Vida | Unconscious Power Iron Butterfly
18%
1959 - Twist and Shout | This Old Heart of Mine (Is Weak for You) Isley Brothers
17%
No matching quizzes found
Score Distribution
Percent of People with Each Score
Percentile by Number Answered
Your Score History
You have not taken this quiz